[Event "ROM-ch U14"]
[Site "Calimanesti Caciulata"]
[Date "2019.04.19"]
[Round "6"]
[White "Baciu, Mihnea Iustin"]
[Black "Ferentiu, Raul Florin"]
[Result "0-1"]
[WhiteElo "1404"]
[BlackElo "1681"]
[PlyCount "110"]
[EventDate "2019.04.15"]
[EventType "swiss"]
[EventRounds "9"]
[EventCountry "ROU"]
[SourceTitle "CBM 190 Extra"]
[Source "ChessBase"]
[SourceDate "2019.07.15"]
[SourceVersion "1"]
[SourceVersionDate "2019.07.15"]
[SourceQuality "1"]

1. e4 c5 2. Nf3 e6 3. d4 cxd4 4. Nxd4 a6 5. Nc3 Qc7 6. Bd3 Nf6 7. Bg5 Bb4 8. Qd2 Bxc3 9. bxc3 Nc6 10. Bxf6 gxf6 11. f4 b5 12. g3 Bb7 13. Rf1 Rc8 14. a4 bxa4 15. Rxa4 Qb6 16. Ke2 Ke7 17. Rfa1 Ra8 18. Nxc6+ Qxc6 19. Ke1 Rhc8 20. R1a3 Qb6 21. Rb4 Qg1+ 22. Bf1 Bc6 23. e5 Qc5 24. exf6+ Kxf6 25. Rxa6 Rxa6 26. Bxa6 Ra8 27. Bf1 Ra1+ 28. Ke2 Bb5+ 29. Rxb5 Qxb5+ 30. Qd3 Qxd3+ 31. cxd3 Ra2+ 32. Kf3 Rxh2 33. Bg2 h5 34. Kf2 h4 35. g4 h3 36. Kg3 Rxg2+ 37. Kxh3 Rc2 38. g5+ Kf5 39. Kg3 Rxc3 40. Kh4 Rxd3 41. g6 Ra3 42. g7 Ra8 43. Kh5 d5 44. Kh6 d4 45. Kh7 d3 46. g8Q Rxg8 47. Kxg8 Kxf4 48. Kxf7 d2 49. Kxe6 d1Q 50. Kf6 Qd6+ 51. Kf7 Kg5 52. Kg7 Qe7+ 53. Kh8 Kf6 54. Kg8 Qf7+ 55. Kh8 Qg7# 0-1

[Event "ROM-ch U12"]
[Site "Calimanesti"]
[Date "2018.03.29"]
[Round "4"]
[White "Tanase, Andrei P"]
[Black "Baciu, Mihnea Iustin"]
[Result "1/2-1/2"]
[WhiteElo "1248"]
[BlackElo "1391"]
[PlyCount "52"]
[EventDate "2018.03.27"]
[EventType "swiss"]
[EventRounds "9"]
[EventCountry "ROU"]
[SourceTitle "CBM 183 Extra"]
[Source "ChessBase"]
[SourceDate "2018.04.19"]
[SourceVersion "1"]
[SourceVersionDate "2018.04.19"]
[SourceQuality "1"]

1. f4 c5 2. Nf3 g6 3. e3 Bg7 4. Be2 Nf6 5. 0-0 0-0 6. Nc3 Nc6 7. b3 d5 8. Bb2 Be6 9. d3 Rc8 10. Na4 b6 11. c4 dxc4 12. dxc4 Qc7 13. Qc2 Nb4 14. Qc1 Rfd8 15. a3 Nc6 16. Nc3 Bf5 17. Rd1 Rxd1+ 18. Qxd1 Rd8 19. Qe1 e5 20. Nb5 Qc8 21. fxe5 Ng4 22. Bf1 a6 23. Nd6 Qd7 24. Nxf5 Qxf5 25. h3 Ngxe5 26. Nxe5 Bxe5 1/2-1/2

[Event "ROM-ch U12"]
[Site "Calimanesti"]
[Date "2018.03.27"]
[Round "1"]
[White "Baciu, Mihnea Iustin"]
[Black "Cioanca, Iosif"]
[Result "1-0"]
[WhiteElo "1391"]
[BlackElo "1001"]
[PlyCount "75"]
[EventDate "2018.03.27"]
[EventType "swiss"]
[EventRounds "9"]
[EventCountry "ROU"]
[SourceTitle "CBM 183 Extra"]
[Source "ChessBase"]
[SourceDate "2018.04.19"]
[SourceVersion "1"]
[SourceVersionDate "2018.04.19"]
[SourceQuality "1"]

1. e4 e6 2. d4 d5 3. exd5 exd5 4. c4 Bd6 5. cxd5 Nd7 6. Nf3 Nh6 7. Bc4 0-0 8. Bxh6 gxh6 9. 0-0 a6 10. Nc3 Nb6 11. Bb3 Bd7 12. Bc2 c6 13. dxc6 bxc6 14. Qd3 f5 15. Ne5 Be6 16. Qh3 Qf6 17. Rae1 f4 18. Qd3 Rf7 19. Nxf7 Qxf7 20. Qe4 Re8 21. Qxc6 Nc8 22. d5 Bd7 23. Rxe8+ Qxe8 24. Qxa6 f3 25. Qd3 fxg2 26. Qxh7+ Kf8 27. Qxh6+ Kg8 28. Bh7+ Kh8 29. Bg6+ Kg8 30. Bxe8 Bxe8 31. Re1 Bf7 32. Nb5 Bb4 33. Rc1 Nb6 34. Qxb6 Bxd5 35. Rc8+ Bf8 36. Qg6+ Kh8 37. Rxf8+ Bg8 38. Qxg8# 1-0

[Event "ROM-ch U12"]
[Site "Baile Felix"]
[Date "2017.02.09"]
[Round "9"]
[White "Ferentiu, Raul Florin"]
[Black "Baciu, Mihnea Iustin"]
[Result "1-0"]
[WhiteElo "1518"]
[BlackElo "1369"]
[PlyCount "79"]
[EventDate "2017.02.02"]
[EventType "swiss"]
[EventRounds "9"]
[EventCountry "ROU"]
[SourceTitle "CBM 176 Extra"]
[Source "ChessBase"]
[SourceDate "2017.03.02"]
[SourceVersion "1"]
[SourceVersionDate "2017.03.02"]
[SourceQuality "1"]

1. e4 c5 2. Nc3 g6 3. f4 Bg7 4. Nf3 Nc6 5. g3 e6 6. Bg2 Nge7 7. 0-0 0-0 8. d3 d5 9. Kh1 b6 10. Re1 Re8 11. Rb1 Bb7 12. Bd2 Qd7 13. e5 Nf5 14. g4 Nfe7 15. Nb5 Nc8 16. Qe2 a6 17. Na3 N8a7 18. Qf2 Rac8 19. Qh4 Qe7 20. Qh3 Nb4 21. Ng5 h6 22. Nf3 f6 23. exf6 Qxf6 24. g5 hxg5 25. Nxg5 Rc6 26. c3 Nxd3 27. Qxd3 Bh6 28. Kg1 Kg7 29. Re2 Bxg5 30. fxg5 Qe7 31. Rbe1 Qd7 32. Bh3 c4 33. Qd4+ Kh7 34. Qf6 Bc8 35. Be3 Nb5 36. Nxb5 axb5 37. Bd4 Rd6 38. Rxe6 Rdxe6 39. Rxe6 Rxe6 40. Qh8# 1-0

[Event "ROM-ch U12"]
[Site "Baile Felix"]
[Date "2017.02.05"]
[Round "5"]
[White "Menlibai, Deniz Edvin"]
[Black "Baciu, Mihnea Iustin"]
[Result "1-0"]
[WhiteElo "1511"]
[BlackElo "1369"]
[PlyCount "45"]
[EventDate "2017.02.02"]
[EventType "swiss"]
[EventRounds "9"]
[EventCountry "ROU"]
[SourceTitle "CBM 176 Extra"]
[Source "ChessBase"]
[SourceDate "2017.03.02"]
[SourceVersion "1"]
[SourceVersionDate "2017.03.02"]
[SourceQuality "1"]

1. e4 c5 2. Nf3 g6 3. d4 cxd4 4. Nxd4 Nc6 5. Nc3 Bg7 6. Be3 Nf6 7. Bc4 Nxe4 8. Nxe4 d5 9. Bb5 dxe4 10. Nxc6 Qxd1+ 11. Rxd1 Bg4 12. Ne5+ Kf8 13. Nxg4 h5 14. c3 hxg4 15. Rd7 a6 16. Bc4 b5 17. Bd5 Rc8 18. Bxe4 a5 19. 0-0 b4 20. Rfd1 e6 21. Rd8+ Ke7 22. Bg5+ f6 23. R1d7# 1-0

[Event "ROM-ch U10"]
[Site "Calimanesti Caciulata"]
[Date "2016.04.21"]
[Round "4"]
[White "Baciu, Mihnea Iustin"]
[Black "Popovici, Liviu Daniel"]
[Result "1-0"]
[WhiteElo "1359"]
[BlackElo "1144"]
[PlyCount "103"]
[EventDate "2016.04.18"]
[EventType "swiss"]
[EventRounds "9"]
[EventCountry "ROU"]
[SourceTitle "CBM 172 Extra"]
[Source "ChessBase"]
[SourceDate "2016.06.21"]
[SourceVersion "1"]
[SourceVersionDate "2016.06.21"]
[SourceQuality "1"]

1. e4 c5 2. c3 d6 3. d4 cxd4 4. cxd4 Nf6 5. Nc3 e6 6. Bb5+ Bd7 7. Bxd7+ Qxd7 8. Nf3 Be7 9. 0-0 0-0 10. Bg5 Nc6 11. e5 dxe5 12. dxe5 Nd5 13. Bxe7 Ncxe7 14. Qd2 Rfd8 15. Rfd1 Rac8 16. h3 Rc7 17. Rac1 Nxc3 18. Qxd7 Rdxd7 19. Rxd7 Rxd7 20. Rxc3 h6 21. Rc1 Ng6 22. g3 Rd5 23. Rc8+ Kh7 24. Rc7 Nxe5 25. Nxe5 Rxe5 26. Rxf7 Rb5 27. b3 Ra5 28. Rxb7 Rxa2 29. Re7 Ra3 30. Rb7 a5 31. Ra7 Rxb3 32. Rxa5 Rd3 33. Ra6 e5 34. Kg2 e4 35. Re6 Rd4 36. Kf1 g5 37. Ke2 h5 38. Ke3 Rd1 39. Rxe4 Re1+ 40. Kf3 Rxe4 41. Kxe4 Kg6 42. Ke5 h4 43. gxh4 gxh4 44. Kf4 Kf6 45. Kg4 Ke5 46. f4+ Kf6 47. Kxh4 Kg6 48. Kg4 Kh6 49. h4 Kg6 50. f5+ Kf6 51. h5 Kg7 52. Kg5 1-0

[Event "ROM-ch U10"]
[Site "Calimanesti Caciulata"]
[Date "2016.04.21"]
[Round "5"]
[White "Buca, Dragos Stefan"]
[Black "Baciu, Mihnea Iustin"]
[Result "1-0"]
[WhiteElo "1185"]
[BlackElo "1359"]
[PlyCount "97"]
[EventDate "2016.04.18"]
[EventType "swiss"]
[EventRounds "9"]
[EventCountry "ROU"]
[SourceTitle "CBM 172 Extra"]
[Source "ChessBase"]
[SourceDate "2016.06.21"]
[SourceVersion "1"]
[SourceVersionDate "2016.06.21"]
[SourceQuality "1"]

1. e4 c5 2. Nc3 g6 3. f4 Bg7 4. Nf3 Nc6 5. Bc4 e6 6. 0-0 Nge7 7. a3 0-0 8. d3 d5 9. Ba2 d4 10. Ne2 b6 11. Qe1 f5 12. Ng5 Kh8 13. Qh4 h6 14. Bxe6 fxe4 15. Nf7+ Rxf7 16. Bxf7 exd3 17. cxd3 Ba6 18. Qh3 Qf8 19. Be6 Na5 20. Rb1 Nf5 21. Bxf5 Qxf5 22. Qxf5 gxf5 23. Rd1 Nb3 24. Ng3 Nxc1 25. Rbxc1 Rf8 26. b4 cxb4 27. axb4 Rf7 28. Rb1 Bb5 29. Rbc1 Ba6 30. Rb1 Bb5 31. Rb2 Ba6 32. b5 Bb7 33. Re1 Bd5 34. Nh5 Bf8 35. Re8 Kh7 36. Rd8 Be7 37. Rxd5 Kg6 38. Ng3 h5 39. Rd7 h4 40. Nf1 Kf6 41. Re2 Bc5 42. Rxf7+ Kxf7 43. Ra2 Kf6 44. Rxa7 Kg6 45. Rc7 Kh5 46. Rxc5 bxc5 47. b6 Kg6 48. b7 Kf6 49. b8Q 1-0

[Event "ROM-ch U10"]
[Site "Calimanesti"]
[Date "2015.03.30"]
[Round "1"]
[White "Baciu, Mihnea Iustin"]
[Black "Serban, Cristian Stefan"]
[Result "0-1"]
[WhiteElo "1262"]
[BlackElo "1692"]
[PlyCount "40"]
[EventDate "2015.03.30"]
[EventType "swiss"]
[EventRounds "9"]
[EventCountry "ROU"]
[SourceTitle "CBM 165 Extra"]
[Source "ChessBase"]
[SourceDate "2015.04.21"]
[SourceVersion "1"]
[SourceVersionDate "2015.04.21"]
[SourceQuality "1"]

1. e4 d5 2. exd5 Nf6 3. d4 Bg4 4. Nf3 Qxd5 5. Be2 Nc6 6. Be3 0-0-0 7. c3 e6 8. 0-0 h6 9. Nbd2 Be7 10. Qb3 Qf5 11. Nh4 Qh5 12. Nhf3 g5 13. h3 Bxh3 14. gxh3 Qxh3 15. Nh2 Bd6 16. Nhf3 Ng4 17. Rfe1 Bh2+ 18. Kh1 Bf4+ 19. Kg1 Nxe3 20. fxe3 Bxe3# 0-1